| 000 | 00653cab a2200241 4500 | ||
|---|---|---|---|
| 001 | X2253 | ||
| 008 | 090401t1995 xxu||||| |||| 00| 0 eng d | ||
| 035 | _a(Sirsi) u22947 | ||
| 041 | _aeng | ||
| 245 | _aFinding a sustainable source for timber and timber products | ||
| 260 | _c1995 | ||
| 350 | _a0 | ||
| 490 |
_aCSM (Chartered Surveyor Monthly) _v4(6) April 1995, 28-29(2) |
||
| 650 | _aECO LABELLING | ||
| 650 | _aFORESTRY INDUSTRY COMMITTEE | ||
| 650 | _aSOFTWOODS | ||
| 650 | _aSUSTAINABLE DEVELOPMENT | ||
| 650 | _aTIMBER EXTRACTION | ||
| 650 | _aTROPICAL HARDWOODS | ||
| 690 | _aRURAL PRACTICE | ||
| 942 | _n0 | ||
| 948 | _c04/03/1997 | ||
| 999 |
_c15386 _d15386 |
||